De profesión, fantasma / (Registro nro. 12071)

Detalles MARC
000 -LEADER
fixed length control field 01219nam a22003971i 4500
001 - CONTROL NUMBER
control field 01198459
003 - CONTROL NUMBER IDENTIFIER
control field DO-SdBNP
005 - DATE AND TIME OF LATEST TRANSACTION
control field 20180216145705.0
007 - PHYSICAL DESCRIPTION FIXED FIELD--GENERAL INFORMATION
fixed length control field 01198459
008 - FIXED-LENGTH DATA ELEMENTS--GENERAL INFORMATION
fixed length control field 930725s1986 sp a spa
016 7# - NATIONAL BIBLIOGRAPHIC AGENCY CONTROL NUMBER
Record control number
Canceled/invalid record control number
Source BPMSU
017 ## - COPYRIGHT OR LEGAL DEPOSIT NUMBER
Copyright or legal deposit number
Assigning agency
020 ## - INTERNATIONAL STANDARD BOOK NUMBER
International Standard Book Number 843480901X
035 ## - SYSTEM CONTROL NUMBER
System control number
040 ## - CATALOGING SOURCE
Original cataloging agency BPMSU
Language of cataloging spa
Transcribing agency BPMSU
041 1# - LANGUAGE CODE
Language code of text/sound track or separate title spa
Language code of original
080 #0 - UNIVERSAL DECIMAL CLASSIFICATION NUMBER
Universal Decimal Classification number
082 ## - DEWEY DECIMAL CLASSIFICATION NUMBER
Classification number 843.91
Item number M775f 1986
100 1# - MAIN ENTRY--PERSONAL NAME
Personal name Monteilhet, Hubert
Dates associated with a name 1928-
240 13 - UNIFORM TITLE
Uniform title <a href="Un métier de fantôme">Un métier de fantôme</a>
Language of a work Español
245 10 - TITLE STATEMENT
Title De profesión, fantasma /
Statement of responsibility, etc. H. Monteilhet ;traducción Manuel Ambrosy ; ilustraciones J. M. Barthélemy
Medium
250 ## - EDITION STATEMENT
Edition statement 6a. ed.
260 ## - PUBLICATION, DISTRIBUTION, ETC. (IMPRINT)
Place of publication, distribution, etc. Madrid :
Name of publisher, distributor, etc. S.M,
Date of publication, distribution, etc. 1986
300 ## - PHYSICAL DESCRIPTION
Extent 196 p.:
Other physical details il.;
Dimensions 22 cm
490 1# - SERIES STATEMENT
Series statement El barco de vapor
Volume/sequential designation 17
500 ## - GENERAL NOTE
General note A partir de 9 años
586 ## - AWARDS NOTE
Awards note Premio Nacional a la mejor labor editorial en literatura infantil y juvenil 1982
650 ## - SUBJECT ADDED ENTRY--TOPICAL TERM
Topical term or geographic name as entry element CUENTOS INFANTILES FRANCESES
650 ## - SUBJECT ADDED ENTRY--TOPICAL TERM
Topical term or geographic name as entry element LITERATURA INFANTIL FRANCESA
700 12 - ADDED ENTRY--PERSONAL NAME
Personal name Ambrosy, Manuel,
Relator term tr.
700 12 - ADDED ENTRY--PERSONAL NAME
Personal name Barthélemy, J. M.,
Relator term il.
830 #0 - SERIES ADDED ENTRY--UNIFORM TITLE
Uniform title El barco de vapor
Volume number/sequential designation 17
942 ## - ADDED ENTRY ELEMENTS (KOHA)
Source of classification or shelving scheme Dewey Decimal Classification
Koha item type Libros
945 ## - LOCAL PROCESSING INFORMATION (OCLC)
a Inventariado, 2018 /LP
956 ## - LOCAL ELECTRONIC LOCATION AND ACCESS (OCLC)
Host name VMATEO
Access method 10
Materials specified 20160408
Linkage BPMSU
Field link and sequence number 0069
Existencias
Withdrawn status Lost status Source of classification or shelving scheme Damaged status Not for loan Collection code Home library Current library Date acquired Source of acquisition Cost, normal purchase price Total Checkouts Full call number Barcode Date last seen Price effective from Koha item type
    Dewey Decimal Classification     Colección Infantil General Biblioteca Pública Metropolitana Salomé Ureña Biblioteca Pública Metropolitana Salomé Ureña 11/23/2016 Fundación Educativa y Cultural (FUNDI) 0.00   843.91 M775f 1986 BPMSU1608032 11/23/2016 11/23/2016 Libros